|
|
|
|
| LEADER |
00000cam a2200000 a 4500 |
| 001 |
vtls008408122 |
| 003 |
SK-MaSNL |
| 005 |
20260301075652.0 |
| 008 |
230403s1952 xo 000 0 slo |
| 015 |
|
|
|a SNBA19451955-014448
|
| 035 |
|
|
|a SK01SNKBKSFS20020100339
|
| 035 |
|
|
|a urn:nbn:sk:snk-am3ih7m
|
| 035 |
|
|
|a 03463999-1EA0-47D8-B21A-421F186E7DB0
|
| 035 |
|
|
|a urn:nbn:sk:snk-am00edwz
|
| 035 |
|
|
|a SKM000102802
|
| 040 |
|
|
|a SNK
|b slo
|c SNK
|e AACR2
|
| 041 |
1 |
|
|a slo
|h rus
|
| 044 |
|
|
|a xo
|c SK
|
| 080 |
|
|
|a 329
|2 1981
|
| 100 |
1 |
|
|a Žudin, S.
|4 aut
|9 400125
|
| 245 |
1 |
0 |
|a Politika boľševickej strany - životný základ sovietskeho zriadenia
|c S. Žudin ; [z ruského originálu preložil Jozef Meško]
|
| 260 |
|
|
|a Bratislava
|b Pravda
|c 1952
|e Zvolen
|f Pravda
|
| 300 |
|
|
|a 146, [2] s.
|c 8°
|
| 366 |
|
|
|e 3000 výtl.
|
| 490 |
1 |
|
|a Strana a jej výstavba
|v č. 10
|
| 650 |
0 |
7 |
|a politické strany
|2 SNKPH
|9 3589
|
| 651 |
|
7 |
|a Sovietsky zväz
|2 SNKPHgeo
|9 22126
|
| 655 |
|
7 |
|a príručky
|2 SNKPH
|9 74364
|
| 700 |
1 |
|
|a Meško, Jozef
|4 trl
|9 235807
|
| 830 |
|
0 |
|a Strana a jej výstavba
|9 400126
|
| 852 |
|
|
|a Slovenská národná knižnica
|
| 954 |
|
|
|a odborná, vedecká literatúra cudzojazyčná (svetová)
|2 lita
|
| 958 |
|
|
|a OND
|
| 958 |
|
|
|a RK
|
| 958 |
|
|
|a TL
|
| 958 |
|
|
|a EUIPO
|
| 999 |
|
|
|c 650950
|d 652880
|
| 952 |
|
|
|a SNK
|b SNK
|y VYP
|7 0
|p 17A0698219
|o snkSD 7365/10 D1
|i snkF 3745/62
|8 5
|0 0
|1 0
|4 0
|d 2011-06-01
|l 0
|r 2026-02-23 18:22:03
|w 2026-02-23
|
| 952 |
|
|
|a SNK
|b SNK
|y PREZ
|7 0
|p 17A0911113
|o snkSD 7365/10
|i snk5221/52
|0 0
|1 0
|4 0
|d 2020-07-16
|f 1
|l 0
|r 2025-11-17 00:00:00
|w 2026-02-23
|